000 00326nam a2200121Ia 4500
005 20260326235506.0
008 260326s9999||||xx |||||||||||||| ||und||
100 _aHelliwell, Bo
245 0 _aHouse Design :
_b Helliwell + Smith - Blue Sky Architecture /
_cBo Helliwell
300 _a108 p.
650 _aARQUITECTOS
942 _cBK
999 _c8171
_d8171